[Event "Sachsen-ch U14"]
[Site "Sebnitz"]
[Date "2009.04.16"]
[Round "5"]
[White "Hase, Albert"]
[Black "Neef, Maximilian"]
[Result "0-1"]
[WhiteElo "1632"]
[BlackElo "1742"]
[PlyCount "64"]
[EventDate "2009.04.14"]
[EventType "swiss"]
[EventRounds "7"]
[EventCountry "GER"]
[SourceTitle "EXT 2010"]
[Source "ChessBase"]
[SourceDate "2010.11.25"]
[SourceVersion "1"]
[SourceVersionDate "2010.11.25"]
[SourceQuality "1"]

1. d4 d5 2. c4 c6 3. Nc3 Nf6 4. Bg5 dxc4 5. e4 b5 6. a4 b4 7. Bxf6 bxc3 8. Bg5 Qa5 9. bxc3 Qxg5 10. Nf3 Qa5 11. Qc2 e6 12. Bxc4 Ba6 13. Nd2 Be7 14. 0-0 Nd7 15. Qd3 Bxc4 16. Nxc4 Qc7 17. f4 0-0 18. Rf3 Rfd8 19. Raf1 c5 20. d5 exd5 21. exd5 Nf6 22. Ne3 c4 23. Qf5 Bc5 24. Kh1 Bxe3 25. Rxe3 Rxd5 26. Re5 Rad8 27. Rfe1 Rd1 28. h3 Rxe1+ 29. Rxe1 Qd7 30. Qa5 h6 31. Qb4 Qd2 32. Qe7 Re8 0-1

[Event "Sachsen-ch U14"]
[Site "Sebnitz"]
[Date "2009.04.15"]
[Round "3"]
[White "Fibich, Jascha"]
[Black "Hase, Albert"]
[Result "1/2-1/2"]
[WhiteElo "1670"]
[BlackElo "1632"]
[PlyCount "25"]
[EventDate "2009.04.14"]
[EventType "swiss"]
[EventRounds "7"]
[EventCountry "GER"]
[SourceTitle "EXT 2010"]
[Source "ChessBase"]
[SourceDate "2010.11.25"]
[SourceVersion "1"]
[SourceVersionDate "2010.11.25"]
[SourceQuality "1"]

1. Nf3 d5 2. c4 e6 3. g3 Nf6 4. Bg2 c6 5. Qc2 Bd6 6. 0-0 e5 7. d3 h6 8. e4 d4 9. c5 Bc7 10. Nbd2 Be6 11. Nc4 Nbd7 12. Bd2 0-0 13. b4 1/2-1/2

[Event "Sachsen-ch U14"]
[Site "Sebnitz"]
[Date "2009.04.15"]
[Round "4"]
[White "Matschewsky, Justus"]
[Black "Hase, Albert"]
[Result "0-1"]
[WhiteElo "1687"]
[BlackElo "1632"]
[PlyCount "120"]
[EventDate "2009.04.14"]
[EventType "swiss"]
[EventRounds "7"]
[EventCountry "GER"]
[SourceTitle "EXT 2010"]
[Source "ChessBase"]
[SourceDate "2010.11.25"]
[SourceVersion "1"]
[SourceVersionDate "2010.11.25"]
[SourceQuality "1"]

1. e4 e5 2. Nf3 Nc6 3. Bc4 Bc5 4. c3 Nf6 5. d4 exd4 6. cxd4 Bb4+ 7. Nc3 Nxe4 8. 0-0 Bxc3 9. d5 Ne5 10. bxc3 Nxc4 11. Qd4 Ncd6 12. Qxg7 Qf6 13. Qxf6 Nxf6 14. Bh6 Ng4 15. Rfe1+ Kd8 16. Bf4 f6 17. h3 Ne5 18. Nxe5 fxe5 19. Bxe5 Rf8 20. Bg3 Nf5 21. Bf4 d6 22. g4 Rg8 23. Kh2 Ne7 24. c4 Ng6 25. Bg5+ Kd7 26. f4 Ne5 27. Kg3 b6 28. h4 h6 29. fxe5 hxg5 30. e6+ Ke7 31. h5 Ba6 32. Rac1 Raf8 33. Rf1 Rxf1 34. Rxf1 Bxc4 35. Rf7+ Kd8 36. h6 Bd3 37. e7+ Ke8 38. h7 Bxh7 39. Rxh7 b5 40. Kf3 a5 41. Ke4 Kd7 42. Kf5 b4 43. Kf6 Re8 44. Kxg5 Rxe7 45. Rh5 Re5+ 46. Kf6 Rxh5 47. gxh5 a4 48. h6 b3 49. axb3 a3 50. h7 a2 51. Kf7 a1Q 52. Kg8 Qg1+ 53. Kf7 Qf2+ 54. Kg8 Qg2+ 55. Kf7 Qf3+ 56. Kg7 Qg4+ 57. Kf8 Qf5+ 58. Kg7 Ke7 59. Kh6 Kf7 60. h8Q Qf6+ 0-1

[Event "GER-chT U12"]
[Site "Verden an der Aller"]
[Date "2007.12.29"]
[Round "5.2"]
[White "Hase, Albert"]
[Black "Mehler, Simon"]
[Result "1-0"]
[WhiteElo "1479"]
[BlackElo "1061"]
[PlyCount "85"]
[EventDate "2007.12.27"]
[EventType "team-swiss"]
[EventRounds "7"]
[EventCountry "GER"]
[SourceTitle "EXT 2009"]
[Source "ChessBase"]
[SourceDate "2008.11.26"]
[SourceVersion "1"]
[SourceVersionDate "2008.11.26"]
[SourceQuality "1"]
[WhiteTeam "Bautzen Einheit U12"]
[BlackTeam "Porz SG U12"]
[WhiteTeamCountry "GER"]
[BlackTeamCountry "GER"]

1. d4 d5 2. c4 Nf6 3. Nc3 Bf5 4. Bg5 c6 5. e3 Nbd7 6. Nf3 e6 7. cxd5 exd5 8. Bd3 Bg6 9. 0-0 Be7 10. Qc2 Qc7 11. h3 Nb6 12. a3 0-0 13. Bxf6 Bxf6 14. Bxg6 fxg6 15. b4 a6 16. Rfc1 Nc4 17. Nb1 Be7 18. Nbd2 Nd6 19. Rab1 Rac8 20. a4 b5 21. axb5 Nxb5 22. Qa4 Ra8 23. Ne5 Rf6 24. Nb3 Bd6 25. Rxc6 Qb7 26. Na5 Qb8 27. Nd7 Qe8 28. Nxf6+ gxf6 29. Qd1 Bc7 30. Rbc1 Bxa5 31. bxa5 Qd8 32. Qf3 f5 33. R6c5 Kh8 34. Qxd5 Qxd5 35. Rxd5 Rb8 36. Rdc5 Kg7 37. Rc6 Ra8 38. Rb1 Kg8 39. Rb6 Kg7 40. g3 Nc3 41. Rb7+ Kh6 42. R1b6 Na4 43. Rc6 1-0

[Event "GER-chT U12"]
[Site "Verden an der Aller"]
[Date "2007.12.28"]
[Round "4.2"]
[White "Holle, Eric"]
[Black "Hase, Albert"]
[Result "1-0"]
[WhiteElo "1340"]
[BlackElo "1479"]
[PlyCount "107"]
[EventDate "2007.12.27"]
[EventType "team-swiss"]
[EventRounds "7"]
[EventCountry "GER"]
[SourceTitle "EXT 2009"]
[Source "ChessBase"]
[SourceDate "2008.11.26"]
[SourceVersion "1"]
[SourceVersionDate "2008.11.26"]
[SourceQuality "1"]
[WhiteTeam "Heusweiler SC Reti U12"]
[BlackTeam "Bautzen Einheit U12"]
[WhiteTeamCountry "GER"]
[BlackTeamCountry "GER"]

1. e4 d6 2. Nf3 g6 3. Bc4 Bg7 4. Nc3 c6 5. d3 Nf6 6. Bg5 0-0 7. Qd2 e6 8. 0-0-0 Qc7 9. Qf4 Nh5 10. Qd2 Nd7 11. h4 Nb6 12. Bb3 d5 13. d4 Bf6 14. Bxf6 Nxf6 15. e5 Nh5 16. g4 Ng7 17. Qh6 f6 18. h5 Qf7 19. exf6 Qxf6 20. Ng5 Re8 21. Nxh7 Qf3 22. hxg6 Bd7 23. Nf6+ Kf8 24. Qh8+ Ke7 25. Qxg7+ Kd6 26. Nxe8+ Rxe8 27. Qe5+ Ke7 28. Rh7+ Kd8 29. Qb8+ Nc8 30. Qxb7 Qf4+ 31. Kb1 Re7 32. Rdh1 Qxg4 33. Qb8 Qxg6 34. Qh2 Qg4 35. Rxe7 Kxe7 36. Qh4+ Qxh4 37. Rxh4 Nd6 38. Kc1 Nf5 39. Rh8 Nxd4 40. Ra8 e5 41. Rxa7 e4 42. Kd2 Nf3+ 43. Ke3 Kd6 44. Ne2 Nh2 45. Nf4 Bg4 46. a4 Ke5 47. Ng6+ Kf6 48. Ne7 Ke5 49. Nxc6+ Kd6 50. Kf4 Be2 51. Nd4 Bh5 52. Rh7 Ng4 53. Rxh5 Nxf2 54. Rxd5+ 1-0

[Event "Sachsen-ch U12"]
[Site "Sebnitz"]
[Date "2007.04.10"]
[Round "1"]
[White "Hase, Albert"]
[Black "Moehn, Hans"]
[Result "0-1"]
[WhiteElo "1247"]
[BlackElo "1579"]
[PlyCount "90"]
[EventDate "2007.04.10"]
[EventType "swiss"]
[EventRounds "7"]
[EventCountry "GER"]
[SourceTitle "EXT 2008"]
[Source "ChessBase"]
[SourceDate "2007.11.25"]
[SourceVersion "1"]
[SourceVersionDate "2007.11.25"]
[SourceQuality "1"]

1. Nf3 Nf6 2. d4 g6 3. Nc3 d5 4. Bf4 c6 5. e3 Bg7 6. Bd3 0-0 7. 0-0 Nfd7 8. Ne2 Re8 9. c4 e5 10. dxe5 Nxe5 11. Bxe5 Bxe5 12. Nxe5 Rxe5 13. Qc2 dxc4 14. Bxc4 Bf5 15. Qb3 Qe7 16. Nd4 c5 17. Nf3 Re4 18. a3 Nc6 19. Bd5 Be6 20. Rfd1 Bxd5 21. Qxd5 Rd8 22. Qb3 b6 23. Rxd8+ Qxd8 24. Rd1 Qe7 25. Qd5 Qe6 26. Qxe6 Rxe6 27. Kf1 h6 28. Ng1 Kf8 29. Ne2 Ke7 30. Nc3 Rd6 31. Rxd6 Kxd6 32. Ke2 a6 33. h3 b5 34. f3 Ne5 35. b3 b4 36. Ne4+ Kc6 37. a4 c4 38. f4 Nd3 39. Kd2 Nc5 40. Nxc5 Kxc5 41. Kc2 c3 42. Kd3 f5 43. g4 Kd5 44. a5 h5 45. g5 h4 0-1

[Event "Sachsen-ch U12"]
[Site "Sebnitz"]
[Date "2006.04.21"]
[Round "6"]
[White "Schumer, Arik"]
[Black "Hase, Albert"]
[Result "0-1"]
[WhiteElo "1107"]
[BlackElo "1249"]
[PlyCount "98"]
[EventDate "2006.04.18"]
[EventType "swiss"]
[EventRounds "7"]
[EventCountry "GER"]
[SourceTitle "EXT 2007"]
[Source "ChessBase"]
[SourceDate "2006.11.23"]
[SourceVersion "1"]
[SourceVersionDate "2006.11.23"]
[SourceQuality "1"]

1. e4 e5 2. Nf3 Nc6 3. Bc4 Bc5 4. c3 Nf6 5. d4 exd4 6. cxd4 Bb4+ 7. Bd2 Bxd2+ 8. Nbxd2 d5 9. exd5 Nxd5 10. Qe2+ Be6 11. 0-0 0-0 12. Rfe1 Re8 13. Qd3 Ndb4 14. Qc3 Qf6 15. Ne4 Qf4 16. Nc5 Bxc4 17. Qxc4 b6 18. Nb3 Qf5 19. a3 Nd3 20. Rxe8+ Rxe8 21. Qxc6 Kf8 22. Qc3 g5 23. Rd1 Nf4 24. Re1 Ne2+ 25. Rxe2 Rxe2 26. Qxc7 g4 27. Nc1 Rxb2 28. Qc3 Qb1 29. Nd2 Qa1 30. Nc4 Rb1 31. Qxa1 Rxa1 32. g3 Rxc1+ 33. Kg2 Rxc4 34. h3 h5 35. d5 Rd4 36. a4 Rxd5 37. a5 gxh3+ 38. Kxh3 Rxa5 39. f3 Ra3 40. f4 f5 41. Kh4 Kf7 42. Kh3 b5 43. Kh4 b4 44. Kh3 b3 45. Kh4 b2 46. Kh3 h4 47. Kxh4 b1Q 48. Kg5 Rxg3+ 49. Kh5 Qh1# 0-1

[Event "Sachsen-ch U12"]
[Site "Sebnitz"]
[Date "2006.04.19"]
[Round "3"]
[White "Mueller, Marius"]
[Black "Hase, Albert"]
[Result "0-1"]
[WhiteElo "1392"]
[BlackElo "1249"]
[PlyCount "66"]
[EventDate "2006.04.18"]
[EventType "swiss"]
[EventRounds "7"]
[EventCountry "GER"]
[SourceTitle "EXT 2007"]
[Source "ChessBase"]
[SourceDate "2006.11.23"]
[SourceVersion "1"]
[SourceVersionDate "2006.11.23"]
[SourceQuality "1"]

1. e4 e5 2. Nf3 Nc6 3. d4 exd4 4. Bc4 Bb4+ 5. Bd2 Bxd2+ 6. Nbxd2 Nf6 7. e5 Ng4 8. Qe2 0-0 9. 0-0-0 Re8 10. Nb3 Ngxe5 11. Rhe1 g6 12. Nfxd4 Nxd4 13. Nxd4 d5 14. f4 Bg4 15. Nf3 Bxf3 16. gxf3 Nxc4 17. Qg2 Rxe1 18. Rxe1 Qf6 19. c3 Qxf4+ 20. Kc2 Ne3+ 21. Rxe3 Qxe3 22. h4 Re8 23. Qg3 Qe2+ 24. Kb3 Qc4+ 25. Ka3 Qc5+ 26. Kb3 Qb5+ 27. Ka3 Qa5+ 28. Kb3 b5 29. Kc2 Qa4+ 30. Kc1 Re2 31. b3 Qa3+ 32. Kd1 Qb2 33. Qg5 Qc2# 0-1